| 000 | 00592nam a2200229Ia 4500 | ||
|---|---|---|---|
| 003 | OSt | ||
| 005 | 20221007063135.0 | ||
| 006 | a|||||r|||| 00| 0 | ||
| 007 | ta | ||
| 008 | 221006b |||||||| |||| 00| 0 eng d | ||
| 024 | _a21,772 | ||
| 037 | _cTextual | ||
| 040 |
_aFLL _cFLL _beng |
||
| 041 |
_2eng _aeng |
||
| 082 | _aY1:45, K5 | ||
| 100 | _aSutherland Edwin H. | ||
| 245 | 0 | _aPrinciples of criminology | |
| 260 |
_aBombay _bN.M.Tripathi India _c1965 |
||
| 300 |
_a646p _ccm. |
||
| 942 |
_hY1:45, K5 _cTEXL _2CC |
||
| 999 |
_c1130481 _d1130481 |
||